| 000 | 00552nam a22001457a 4500 | ||
|---|---|---|---|
| 003 | OSt | ||
| 082 | _a630 | ||
| 088 | _aP557 | ||
| 100 |
_aSHADIYA, ABOOBACKER . P , _aVYSHNA, K.P _a KAUSHIK GHATAK _aSUBASH, BAIRAWA _95321 |
||
| 245 | _aASSESMENT OF CHANNEL MIGRATION CHARACTERISTICS OF BHARATHAPUZHA RIVER FROM PALLIPURAM TO PURATHUR REACH USING GIS AND RS | ||
| 260 |
_aThavanur _KKelappaji College of Agricultural Engineering and Technology _c2022 |
||
| 700 | _aEr. PRIYA, G. NAIR (Guide) | ||
| 700 |
_aEr. ARDRA, WILSON (Co-Guide) _95322 |
||
| 942 | _cPR | ||
| 999 |
_c17591 _d17591 |
||